000 00315nam a2200121Ia 4500
008 190216s9999||||xx |||||||||||||| ||und||
100 _a"Gupta Sp, Gupta Pk, Man Mohan"
245 0 _aQuantitative Techniques
260 _bKing`S Books Delhi
_c2003
300 _a636p
650 _aQuantitative Techniques
942 _cBK
999 _c6412
_d6412